[Event "Cannes Open A"]
[Site "Cannes France"]
[EventDate "2007.02.18"]
[Date "2007.02.21"]
[Round "5"]
[White "BOZINOVIC, Boban"]
[WhiteTitle "-"]
[WhiteElo "2137"]
[Black "WEILL, Roland"]
[BlackTitle "FM"]
[BlackElo "2261"]
[Result "1/2-1/2"]
[Source "MonRoi"]

1. e4 e5 2. Nf3 Nc6 3. d4 exd4 4. Nxd4 Bc5 5. Nxc6 Qf6 6. Qd2 bxc6 7. Nc3 d6 8. Bd3 Ne7 9. O-O O-O 10. Na4 Bb6 11. Nxb6 axb6 12. Qg5 Qxg5 13. Bxg5 f6 14. Bd2 Ba6 15. Rfc1 c5 16. c4 Nc6 17. b3 Bb7 18. a4 Nd4 19. Rab1 Rae8 20. Re1 Nc6 21. f3 Re7 22. Kf2 Rfe8  1/2-1/2

[Event "Cannes Open A"]
[Site "Cannes France"]
[EventDate "2007.02.18"]
[Date "2007.02.21"]
[Round "5"]
[White "VAN HEIRZEELE, Daniel"]
[WhiteTitle "-"]
[WhiteElo "2234"]
[Black "SORCINELLI, Francesco"]
[BlackTitle "-"]
[BlackElo "2123"]
[Result "1/2-1/2"]
[Source "MonRoi"]

1. Nf3 d6 2. d4 f5 3. g3 Nf6 4. Bg2 g6 5. O-O Bg7 6. c4 O-O 7. Nc3 Qe8 8. d5 Na6 9. Rb1 Bd7 10. b4 c6 11. a3 Nc7 12. Bb2  1/2-1/2

[Event "Cannes Open A"]
[Site "Cannes France"]
[EventDate "2007.02.18"]
[Date "2007.02.21"]
[Round "5"]
[White "WUNDERMAN, Xavier"]
[WhiteTitle "-"]
[WhiteElo "2113"]
[Black "HELL, Pascal"]
[BlackTitle "-"]
[BlackElo "2227"]
[Result "0-1"]
[Source "MonRoi"]

1. e4 c5 2. Nc3 Nc6 3. g3 e6 4. Bg2 a6 5. Nge2 Nge7 6. O-O d6 7. d3 Ng6 8. Be3 Be7 9. f4 O-O 10. Qd2 Bf6 11. Nd1 Bd7 12. c3 Qa5 13. h4 Nge7 14. Nf2 h5 15. a3 g6 16. e5 dxe5 17. Ne4 Bg7 18. Nxc5 Qc7 19. fxe5 Nxe5 20. Nf4 Nf5 21. Nxd7 Qxd7 22. Bf2 Bh6 23. Be4 Nd6 24. Bg2 Ng4 25. d4 Nf5 26. Rad1 Qc7 27. b4 Nxh4 28. Bxb7 Qxb7 29. gxh4 Qe4 30. Bg3 Qe3 31. Kg2 Qxd2 32. Rxd2 Ne3 33. Kg1 Nxf1 34. Kxf1 Rac8 35. Rc2 Rfd8 36. Ne2 Be3 37. Be5 f6 38. Bf4 Bxf4 39. Nxf4 Rxd4 40. Nxe6 Rxh4 41. a4 Rxb4 42. Rf2 Rb1 43. Kg2 Rxc3 44. a5 Rb5 45. Rd2 Rxa5  0-1

[Event "Cannes Open A"]
[Site "Cannes France"]
[EventDate "2007.02.18"]
[Date "2007.02.21"]
[Round "5"]
[White "RAVOT, Sylvain"]
[WhiteTitle "-"]
[WhiteElo "2218"]
[Black "ARSENAULT, Nicolas"]
[BlackTitle "-"]
[BlackElo "2112"]
[Result "1-0"]
[Source "MonRoi"]

1. e4 e6 2. d4 d5 3. Nd2 c5 4. exd5 exd5 5. Ngf3 Nf6 6. Bb5 Bd7 7. Bxd7 Nbxd7 8. O-O Be7 9. dxc5 Nxc5 10. Nd4 Qd7 11. N2b3 Nce4 12. Re1 O-O 13. Qd3 a6 14. Bf4 Bd6 15. Bxd6 Nxd6 16. Nf3 Nc4 17. Qd4 Rfe8 18. Nbd2 Qc7 19. a4 Nxd2 20. Qxd2 Qc4 21. b3 Qc5 22. Qd3 Rac8 23. Rxe8 Rxe8 24. Rd1 Ne4 25. Rf1 h6 26. g3 Nf6 27. Nd4 Ng4 28. Kg2 Re4 29. Rd1 Ne5 30. Qd2 Nc6 31. Nf3 b5 32. axb5 axb5 33. Qxd5 Qxd5 34. Rxd5 Nb4 35. Rd4 f5 36. Rxe4 fxe4 37. Nd4  1-0

[Event "Cannes Open A"]
[Site "Cannes France"]
[EventDate "2007.02.18"]
[Date "2007.02.21"]
[Round "5"]
[White "SAATDJIAN, Thomas"]
[WhiteTitle "-"]
[WhiteElo "2187"]
[Black "GORSE, Gerard"]
[BlackTitle "-"]
[BlackElo "2054"]
[Result "1-0"]
[Source "MonRoi"]

1. Nf3 c5 2. c4 Nf6 3. Nc3 Nc6 4. d4 cxd4 5. Nxd4 e6 6. g3 Qb6 7. Nb3 Ne5 8. e4 Bb4 9. Qe2 O-O 10. Bd2 d6 11. f4 Nc6 12. O-O-O a5 13. Be3 Qc7 14. Nb5 Qe7 15. Bg2 a4 16. Na1 d5 17. e5 Ne4 18. Nc2 a3 19. bxa3 Bxa3 20. Ncxa3 Rxa3 21. Bxe4 Ra4 22. Bxh7 Kh8 23. Bc2  1-0

[Event "Cannes Open A"]
[Site "Cannes France"]
[EventDate "2007.02.18"]
[Date "2007.02.21"]
[Round "5"]
[White "ASTENGO, Corrado"]
[WhiteTitle "-"]
[WhiteElo "2085"]
[Black "BRUNED, Boris"]
[BlackTitle "-"]
[BlackElo "2211"]
[Result "1/2-1/2"]
[Source "MonRoi"]

1. e4 c5 2. Nf3 d6 3. d4 cxd4 4. Nxd4 Nf6 5. Nc3 a6 6. Bg5 e6 7. f4 Qb6 8. Nb3 Be7 9. Qf3 Qc7 10. Bd3 Nbd7 11. O-O-O b5 12. Rhe1 b4 13. e5 Bb7 14. Ne4 dxe5 15. Bxf6 Nxf6 16. fxe5 Nxe4 17. Bxe4 Bxe4 18. Qxe4 O-O 19. Rd4 Rac8 20. Red1 Rfd8 21. Rxd8 Bxd8 22. Rd6 Bf6 23. Nd4 Bg5 24. Kb1 Qc4 25. Qf3 f6 26. b3 Qc5 27. Rc6 Rxc6 28. Qxc6 Qxc6 29. Nxc6 Bd2  1/2-1/2

[Event "Cannes Open A"]
[Site "Cannes France"]
[EventDate "2007.02.18"]
[Date "2007.02.21"]
[Round "5"]
[White "VANDERBEEKEN, Mikael"]
[WhiteTitle "-"]
[WhiteElo "2113"]
[Black "VINSOT, Robin Gael"]
[BlackTitle "-"]
[BlackElo "2165"]
[Result "1/2-1/2"]
[Source "MonRoi"]

1. e4 e5 2. Nf3 Nc6 3. Bc4 Bc5 4. c3 Nf6 5. d4 exd4 6. cxd4 Bb4 7. Nc3 d5 8. exd5 Nxd5 9. O-O Bxc3 10. bxc3 O-O 11. Re1 Be6 12. Ng5 Qf6 13. Ne4 Qg6 14. Qd3 Rfe8 15. Bd2 Ndb4 16. cxb4 Bxc4 17. Qxc4 Rxe4 18. Rxe4 Qxe4 19. Be3 a6 20. a4 Qe6 21. Rc1 Qd7 22. d5 Nd8 23. Bg5 h6 24. Bf4 Qxa4 25. Bxc7 Rc8 26. g3 Qd7 27. Qc5 g6 28. d6 h5 29. h4 Ne6 30. Qb6 Nd8 31. Kh2 Kh7 32. Re1 Ne6 33. Rc1 Nd8 34. Rc5 Kg8 35. Rd5 Ne6 36. Qxb7 Nxc7 37. dxc7 Qxc7 38. Qxa6 Re8 39. Rc5 Qd7 40. Qf1 Qd2 41. Rc4 Re1 42. Qg2 Rb1 43. Rf4 Rxb4+  1/2-1/2

[Event "Cannes Open A"]
[Site "Cannes France"]
[EventDate "2007.02.18"]
[Date "2007.02.21"]
[Round "5"]
[White "DELABACA, Romuald"]
[WhiteTitle "-"]
[WhiteElo "2160"]
[Black "ZERMICHE, Cherif"]
[BlackTitle "-"]
[BlackElo "2105"]
[Result "1/2-1/2"]
[Source "MonRoi"]

1. e4 e6 2. d4 d5 3. Nc3 Bb4 4. e5 c5 5. Bd2 Ne7 6. Nb5 O-O 7. c3 Ba5 8. dxc5 Bc7 9. f4 f6 10. exf6 Rxf6  1/2-1/2

[Event "Cannes Open A"]
[Site "Cannes France"]
[EventDate "2007.02.18"]
[Date "2007.02.21"]
[Round "5"]
[White "LELIMOUSIN, Vincent"]
[WhiteTitle "-"]
[WhiteElo "2142"]
[Black "HERVAIS, Adrien"]
[BlackTitle "-"]
[BlackElo "2071"]
[Result "0-1"]
[Source "MonRoi"]

1. e4 e5 2. Nf3 Nf6 3. d4 Nxe4 4. Bd3 d5 5. Nxe5 Nd7 6. O-O Bd6 7. Nd2 Nxe5 8. dxe5 Bxe5 9. Nxe4 dxe4 10. Bxe4 Qxd1 11. Rxd1 O-O 12. Be3 c6 13. Bd4 Bc7 14. a4 Re8 15. Bf3 Bf5 16. c3 a5 17. Be3 Rad8 18. g3 Bc2 19. Re1 h6 20. Bd4 Rxe1 21. Rxe1 Kf8 22. Bc5 Bd6 23. Bb6 Ra8 24. Bd1 Bxd1 25. Rxd1 Ke7 26. Kf1 Ke6 27. Ke2 c5 28. f4 Ra6 29. Bd8 f6 30. b4 axb4 31. cxb4 cxb4 32. a5 Rc6 33. Kd3 Rc3 34. Kd2 Bc5 35. Rb1 Rf3 36. Bb6 Kd6 37. Rc1 Rc3 38. Re1 Bxb6 39. axb6 Rc6 40. f5 b3  0-1

[Event "Cannes Open A"]
[Site "Cannes France"]
[EventDate "2007.02.18"]
[Date "2007.02.21"]
[Round "5"]
[White "LIBENS, Michel"]
[WhiteTitle "-"]
[WhiteElo "2104"]
[Black "ROUSSIERE, Christophe"]
[BlackTitle "-"]
[BlackElo "2139"]
[Result "1-0"]
[Source "MonRoi"]

1. e4 e5 2. Nf3 Nf6 3. Nxe5 d6 4. Nf3 Nxe4 5. d4 d5 6. Bd3 Nc6 7. h3 Be7 8. O-O O-O 9. Re1 f5 10. c4 Nb4 11. cxd5 Nxd3 12. Qxd3 Qxd5 13. Nc3 Nxc3 14. Rxe7 Qd6 15. Qc4 Nd5 16. Re5 c6 17. Bg5 Kh8 18. Rae1 Bd7 19. Be7 Nxe7 20. Rxe7 Rae8 21. Qc5 Qxc5 22. dxc5 Rxe7 23. Rxe7 Bc8 24. Ne5 Kg8 25. Nc4 f4 26. Nd6 b6 27. Rxa7 bxc5 28. Ra8 Be6 29. Rxf8 Kxf8 30. a4 Ke7 31. Nb7 c4 32. a5 c5 33. Nxc5 Bd5 34. Na4 Bb7 35. Nb6 Ba6 36. Nd5 Kd6 37. Nxf4 Ke5 38. Ne2 Ke4 39. Nc1 Kd4 40. f4 Ke3 41. Na2 Kd2 42. g4 Bb7 43. f5 Kc2 44. a6 Be4 45. Nc3 Bc6 46. g5 Kxb2 47. Nd1 Kc1 48. Ne3 c3 49. f6  1-0

[Event "Cannes Open A"]
[Site "Cannes France"]
[EventDate "2007.02.18"]
[Date "2007.02.21"]
[Round "5"]
[White "DERIEUX, Christian"]
[WhiteTitle "-"]
[WhiteElo "2134"]
[Black "HAUSEUX, Philippe"]
[BlackTitle "-"]
[BlackElo "2061"]
[Result "1-0"]
[Source "MonRoi"]

1. d4 d5 2. c4 c6 3. Nf3 Nf6 4. Nc3 dxc4 5. a4 Bf5 6. Ne5 e6 7. f3 Bb4 8. g4 Nxg4 9. Nxg4 Bxg4 10. fxg4 Qh4 11. Kd2 Qxg4 12. e3 Qe4 13. Bxc4 c5 14. Bd3 Qg2 15. Be2 cxd4 16. exd4 Nc6 17. Kc2 Nxd4 18. Qxd4 Bxc3 19. bxc3 Qxe2 20. Kb3 O-O 21. Bh6 e5 22. Qg1 g6 23. Bxf8 Rxf8 24. Qxa7 Rc8 25. Rac1 Qc4 26. Kb2 b5 27. Qe7 Rc5 28. Rc2 b4 29. Rd1 bxc3 30. Ka3 Kg7 31. Qd6 f5 32. Rd3 e4 33. Qe7 Kh6 34. Rh3  1-0

[Event "Cannes Open A"]
[Site "Cannes France"]
[EventDate "2007.02.18"]
[Date "2007.02.21"]
[Round "5"]
[White "DIMITROV, Christo"]
[WhiteTitle "FM"]
[WhiteElo "2299"]
[Black "FORTINO, Fabrizio"]
[BlackTitle "-"]
[BlackElo "2076"]
[Result "1-0"]
[Source "MonRoi"]

1. e4 c5 2. Nc3 Nc6 3. f4 g6 4. Nf3 Bg7 5. Bb5 Nd4 6. Bd3 d6 7. Nxd4 cxd4 8. Ne2 Qb6 9. c3 dxc3 10. bxc3 Nf6 11. Rb1 Qc7 12. Bc2 O-O 13. d3 e5 14. h3 d5 15. fxe5 Qxe5 16. d4 Qe7 17. e5 Ne4 18. O-O b6 19. Rb3 Rd8 20. c4 Be6 21. Re3 Qb7 22. Nf4 Bh6 23. cxd5 Bxd5 24. Nxd5 Bxe3 25. Nxe3 Nc3 26. Qe1 Rac8 27. Nc4  1-0

[Event "Cannes Open A"]
[Site "Cannes France"]
[EventDate "2007.02.18"]
[Date "2007.02.21"]
[Round "5"]
[White "PEPINO, Enrico"]
[WhiteTitle "-"]
[WhiteElo "2189"]
[Black "SCHMITZ, Manuela"]
[BlackTitle "WFM"]
[BlackElo "2072"]
[Result "1-0"]
[Source "MonRoi"]

1. e4 e6 2. d4 d5 3. Nd2 dxe4 4. Nxe4 Nf6 5. Bg5 Be7 6. Bxf6 Bxf6 7. Nf3 Bd7 8. Bd3 Bc6 9. c3 Bxe4 10. Bxe4 c6 11. Qe2 Qa5 12. O-O O-O 13. a4 Nd7 14. b4 Qc7 15. a5 Rac8 16. Rfe1 g6 17. h4 Bg7 18. h5 Qf4 19. hxg6 hxg6 20. g3 Qg4 21. Kg2 Nf6 22. Bc2 Nd5 23. Qd2 e5 24. Nxe5 Bxe5 25. dxe5 Kg7 26. Re4 Qe6 27. c4 Nc7 28. Qd6 Rfd8 29. Qxe6 Nxe6 30. c5 a6 31. Bb3 Nd4 32. Bd1 Rc7 33. Bg4 Re7 34. Rd1 Ne6 35. Rxd8 Nxd8 36. Rd4 Ne6 37. Bxe6 Rxe6 38. Rd7 Rxe5 39. Rxb7 Re4 40. Rb6  1-0

[Event "Cannes Open A"]
[Site "Cannes France"]
[EventDate "2007.02.18"]
[Date "2007.02.21"]
[Round "5"]
[White "WOHLERS ARMAS, Friederike"]
[WhiteTitle "WIM"]
[WhiteElo "2125"]
[Black "L'HERMITTE, Emmanuel"]
[BlackTitle "-"]
[BlackElo "2032"]
[Result "1-0"]
[Source "MonRoi"]

1. d4 Nf6 2. c4 e6 3. Nc3 Bb4 4. a3 Bxc3 5. bxc3 b6 6. f3 d5 7. cxd5 exd5 8. e3 Ba6 9. Bxa6 Nxa6 10. Qa4 Nd7 11. Qxa6 O-O 12. Ne2 Qh4 13. Ng3 Rae8 14. Qb5 Nf6 15. O-O Re6 16. Nf5 Qh5 17. Qd3 Rfe8 18. Ra2 Qg6 19. Re2 c5 20. Qc2 h5 21. Ng3 Qxc2 22. Rxc2 c4 23. Re1 g6 24. Rce2 h4 25. Nh1 b5 26. Nf2 a5 27. e4 dxe4 28. Nxe4 Nd5 29. Kf2 Kg7 30. Bd2 Rb8 31. Nc5 Rxe2 32. Rxe2 b4 33. axb4 axb4 34. Na6 Rc8 35. Nxb4 Nxb4 36. cxb4 c3 37. Be3 Rb8 38. Rc2 Rxb4 39. Rxc3 Rb2 40. Kg1 Rb1 41. Rc1 Rb3 42. Bf2 h3 43. Rd1 Kf6 44. d5 Ke7 45. Bg3 f5 46. d6 Kd7 47. Bf4 Rb4 48. Bg5 Rb3 49. Rd2 hxg2 50. Kxg2 Rb7 51. Bf4 Ke6 52. Kg3 Rd7 53. Re2 Kf6 54. h4  1-0

[Event "Cannes Open A"]
[Site "Cannes France"]
[EventDate "2007.02.18"]
[Date "2007.02.21"]
[Round "5"]
[White "ARDUIN, Antoine"]
[WhiteTitle "-"]
[WhiteElo "1876"]
[Black "TRITAR, Kamel"]
[BlackTitle "-"]
[BlackElo "2108"]
[Result "1-0"]
[Source "MonRoi"]

1. e4 d5 2. exd5 Nf6 3. Bb5 Bd7 4. Be2 Nxd5 5. d4 Nc6 6. c4 Nf6 7. Nc3 Bf5 8. Nf3 Bg4 9. d5 Bxf3 10. Bxf3 Ne5 11. Be2 g6 12. Bf4 Nfd7 13. O-O Bg7 14. Re1 O-O 15. Qc2 Nb6 16. b3 a6 17. Rad1 Qd6 18. Be3 Qb4 19. Ne4 Ned7 20. Bd2 Qa3 21. Bc1 Qb4 22. a3 Qa5 23. c5 Nxd5 24. b4 Nxb4 25. axb4 Qxb4 26. Bd2 Qa3 27. Rb1 b5 28. Bb4 Qa4 29. Qd2 Rfd8 30. Bd1 Nxc5 31. Bxa4 Rxd2 32. Nxd2 Nxa4 33. Nb3 e6 34. Rec1 Nb6 35. Rc6 Nd5 36. Ba5 Be5 37. Nc5 Rd8 38. Nxa6 Rd7 39. g3 Ne7 40. Rc5 Bd6 41. Rcxb5 Nd5 42. Nb8 Rd8 43. Nc6 Ra8 44. Rb8 Rxb8 45. Rxb8 Kg7 46. Bb4 Ne7 47. Nxe7 c5 48. Bc3  1-0

[Event "Cannes Open A"]
[Site "Cannes France"]
[EventDate "2007.02.18"]
[Date "2007.02.21"]
[Round "5"]
[White "DI LAZZARO, Gabriele"]
[WhiteTitle "-"]
[WhiteElo "2010"]
[Black "PARODI, Alessandro"]
[BlackTitle "-"]
[BlackElo "1893"]
[Result "0-1"]
[Source "MonRoi"]

1. e4 d6 2. d4 Nf6 3. Nc3 g6 4. Bg5 Bg7 5. e5 Nfd7 6. e6 fxe6 7. Nf3 c5 8. Be2 a6 9. Rb1 cxd4 10. Nxd4 Nf6 11. Qd2 Nc6 12. Nxc6 bxc6 13. Bh6 O-O 14. h4 e5 15. Bxg7 Kxg7 16. h5 gxh5 17. Bxh5 Nxh5 18. Qg5 Kh8 19. Qxh5 Bf5 20. g4 Bxc2 21. Rc1 Bd3 22. Rd1 Qb6 23. Rd2 Kg8 24. Rxd3 Qxf2 25. Kd1 Rf7 26. Rd2 Qf3 27. Kc2 Raf8 28. Qh4 d5 29. Rh3 Qf4 30. Rh1 e4 31. Ne2 Qd6 32. Qg5 Rg7 33. Qh5 Qd7 34. g5 Rf5 35. Rg1 c5 36. Nc3 e6 37. Kc1 e3 38. Rh2 d4 39. Ne4 d3 40. Rhg2 e2 41. Kd2 Qb5 42. Nf6 Kh8 43. Qe8 Qxe8 44. Nxe8 Rf1 45. Rxe2  0-1

[Event "Cannes Open A"]
[Site "Cannes France"]
[EventDate "2007.02.18"]
[Date "2007.02.21"]
[Round "5"]
[White "BRONGERS, Henk"]
[WhiteTitle "-"]
[WhiteElo "1969"]
[Black "GODART, Francois"]
[BlackTitle "-"]
[BlackElo "1996"]
[Result "1-0"]
[Source "MonRoi"]

1. e4 c6 2. d4 d5 3. exd5 cxd5 4. Bd3 Nc6 5. c3 e5 6. dxe5 Nxe5 7. Bb5 Nc6 8. Nf3 a6 9. Ba4 Bc5 10. Bg5 f6 11. Bf4 Bg4 12. O-O Nge7 13. h3 Bh5 14. Qe2 O-O 15. Be3 Bxe3 16. Qxe3 Bxf3 17. Qxf3 d4 18. Rd1 Qb6 19. Bb3 Kh8 20. Na3 Ne5 21. Qe4 dxc3 22. bxc3 Qc5 23. Nc4 Nxc4 24. Bxc4 b5 25. Bd3 Ng6 26. Rac1 Rfe8 27. Qd4 Rac8 28. Be4 Rc7 29. Qd3 Ne5 30. Qg3 Nf7 31. Rd5 Qe7 32. Rcd1 Ng5 33. Bf5 Rc5 34. f4 Rxd5 35. Rxd5 Ne6 36. Kh2 g6 37. Bc2 Qc7 38. f5 Qxg3 39. Kxg3 Nc7 40. Rd7 Re2 41. fxg6 hxg6 42. Bxg6 Re3 43. Kf4 Rxc3 44. Kf5 Rc6 45. Bf7 b4 46. h4 Nb5 47. Bd5 Rb6 48. Be6 Rc6 49. Kg6  1-0

[Event "Cannes Open A"]
[Site "Cannes France"]
[EventDate "2007.02.18"]
[Date "2007.02.21"]
[Round "5"]
[White "CEDRIC, Monier"]
[WhiteTitle "-"]
[WhiteElo "1869"]
[Black "PIERRARD, Bernard"]
[BlackTitle "-"]
[BlackElo "1976"]
[Result "1/2-1/2"]
[Source "MonRoi"]

1. d4 d5 2. Nf3 Nf6 3. Bg5 e6 4. e3 Be7 5. Bd3 b6 6. O-O Ba6 7. Bxa6 Nxa6 8. c3 Nb8 9. Ne5 O-O 10. Nd2 c5 11. f4 Nfd7 12. Bxe7 Qxe7 13. Ndf3 f6 14. Nxd7 Nxd7 15. Re1 Qf7 16. Qe2 Rfe8 17. Qf2 Qg6 18. Rad1 c4 19. Rc1 b5 20. Qc2 Nb6 21. Qxg6 hxg6 22. e4 dxe4 23. Rxe4 Nd5 24. g3 Kf7 25. Nd2 Rac8 26. Re2 Rc6 27. Ne4 Nc7 28. Rce1 Re7 29. a3  1/2-1/2

[Event "Cannes Open A"]
[Site "Cannes France"]
[EventDate "2007.02.18"]
[Date "2007.02.21"]
[Round "5"]
[White "IRLES, Christophe"]
[WhiteTitle "-"]
[WhiteElo "1670"]
[Black "GALLUCCI, Alessio"]
[BlackTitle "-"]
[BlackElo "1910"]
[Result "1-0"]
[Source "MonRoi"]

1. e4 c5 2. d4 cxd4 3. c3 d5 4. Bb5 Bd7 5. Bxd7 Qxd7 6. Qxd4 dxe4 7. Ne2 Nf6 8. Bg5 Nc6 9. Qxd7 Nxd7 10. Nd2 h6 11. Be3 Nf6 12. Nd4 Nxd4 13. Bxd4 e6 14. Bxf6 gxf6 15. Nxe4 Be7 16. O-O-O Rd8 17. Nd2 f5 18. Nb3 Bg5 19. Kc2 Ke7 20. Na5 Rxd1 21. Rxd1 Rb8 22. Rd4 e5 23. Rb4 Rd8 24. Rxb7 Kf6 25. Nc4 e4 26. g3 f4 27. h4 e3 28. Nxe3 fxe3 29. hxg5 Kxg5 30. fxe3 Rf8 31. Rxa7 Kg4 32. Kd2 Kxg3 33. Ra5 f5 34. Ra6 h5 35. Ke2 h4 36. Rg6 Kh2 37. a4 Re8 38. Kf3 h3 39. a5 Kh1 40. a6 h2 41. a7 f4 42. Rd6 Rxe3 43. Kf2  1-0

[Event "Cannes Open A"]
[Site "Cannes France"]
[EventDate "2007.02.18"]
[Date "2007.02.21"]
[Round "5"]
[White "GERARD, Jacob"]
[WhiteTitle "-"]
[WhiteElo "1740"]
[Black "GIRARD, Jean Pierre"]
[BlackTitle "-"]
[BlackElo "2028"]
[Result "1/2-1/2"]
[Source "MonRoi"]

1. f4 c5 2. e3 Nf6 3. Nf3 g6 4. Be2 Bg7 5. d3 d6 6. O-O Nbd7 7. Qe1 b6 8. Nbd2 Bb7 9. Rb1 O-O 10. b3 Nd5 11. Ne4 Nb4 12. a3 Nc6 13. Nfg5 h6 14. Nf3 f5 15. Ng3 e5 16. Bb2 Qe7 17. Qd2 Rad8 18. Rbe1 d5 19. h3 e4 20. dxe4 Bxb2 21. exd5 Nf6 22. Bc4 Kh7 23. c3 Bxa3 24. Qa2 Na5 25. Qxa3 Nxd5 26. e4 fxe4 27. Nxe4 Qc7 28. Bxd5 Bxd5 29. c4 Bb7 30. Qb2 Qg7 31. Qc2 Nc6 32. Qf2 Nb4 33. Qh4 Kg8 34. Ne5 Bxe4 35. Rxe4 Rde8 36. Rd1 h5 37. Re3 Qf6 38. Qg3 Nc2 39. Red3 Nd4 40. Nd7 Qf5 41. Rxd4 cxd4 42. Nxf8 Kxf8 43. Qf2 Re3 44. Qa2 d3 45. Qxa7 Re2 46. Qb8 Kg7 47. Qc7 Kh6 48. Qd6 Qe4 49. Qf8 Kh7 50. Qf7  1/2-1/2

[Event "Cannes Open A"]
[Site "Cannes France"]
[EventDate "2007.02.18"]
[Date "2007.02.21"]
[Round "5"]
[White "PERANO, Simone"]
[WhiteTitle "-"]
[WhiteElo "1584"]
[Black "BESSIERES, Clovis"]
[BlackTitle "-"]
[BlackElo "1460"]
[Result "1-0"]
[Source "MonRoi"]

1. e4 e5 2. Nf3 Nc6 3. d4 exd4 4. Bc4 Bc5 5. c3 dxc3 6. Nxc3 Nf6 7. O-O O-O 8. Bg5 h6 9. Bh4 Re8 10. Re1 Be7 11. Bg3 d6 12. Qb3 Rf8 13. Rad1 Na5 14. Qa4 Nxc4 15. Qxc4 Be6 16. Qe2 Qe8 17. Nb5 Qc8 18. e5 dxe5 19. Bxe5 Ne8 20. Nfd4 c6 21. Nc3 Bc5 22. Nxe6 Qxe6 23. Qh5 Qg6 24. Qf3 Nd6 25. Ne4 Nxe4 26. Rxe4 f6 27. Rg4 Qf7 28. Bf4 Kh8 29. Qh3 Rae8 30. Rh4 Kg8 31. g3 Re2 32. Bxh6 Rxf2 33. Be3 Qg6 34. Rh8 Kf7 35. Qd7 Be7 36. Rxf8 Kxf8 37. Bxf2 Qf7 38. Qc8 Qe8 39. Qxe8 Kxe8 40. Bxa7 c5 41. Re1 Kd7 42. Rc1 Kc6 43. b4 b6 44. Bb8 Kb7 45. Bf4 cxb4 46. Rc7 Ka6 47. Rxe7 Ka5 48. Rxg7 b3 49. axb3 Kb4 50. Rb7 Kxb3 51. Rxb6 Kc4 52. Rxf6 Kd4 53. Rd6 Ke4 54. h4 Kf3 55. h5 Kg4 56. h6 Kf5 57. h7 Kg4 58. Rg6 Kf3 59. Bc7  1-0

[Event "Cannes Open A"]
[Site "Cannes France"]
[EventDate "2007.02.18"]
[Date "2007.02.22"]
[Round "6"]
[White "SANCHEZ, Joseph"]
[WhiteTitle "IM"]
[WhiteElo "2482"]
[Black "PALAC, Mladen"]
[BlackTitle "GM"]
[BlackElo "2571"]
[Result "1/2-1/2"]
[Source "MonRoi"]

1. e4 c5 2. Nf3 d6 3. d4 cxd4 4. Nxd4 Nf6 5. Nc3 Nc6 6. Bg5 e6 7. Qd2 a6 8. O-O-O Bd7 9. f4 b5 10. Bxf6 gxf6 11. Nxc6 Bxc6 12. Qe3 Qe7 13. Bd3 h5 14. Kb1 Qa7 15. Qe1 O-O-O 16. f5 Be7  1/2-1/2

[Event "Cannes Open A"]
[Site "Cannes France"]
[EventDate "2007.02.18"]
[Date "2007.02.22"]
[Round "6"]
[White "ZELCIC, Robert"]
[WhiteTitle "GM"]
[WhiteElo "2557"]
[Black "SULAVA, Nenad"]
[BlackTitle "GM"]
[BlackElo "2537"]
[Result "1-0"]
[Source "MonRoi"]

1. e4 c5 2. Nf3 e6 3. d4 cxd4 4. Nxd4 a6 5. Nc3 b5 6. Bd3 Bb7 7. O-O Nc6 8. Nxc6 Bxc6 9. Bf4 Bc5 10. Qh5 d6 11. e5 g6 12. Qh3 d5 13. a4 b4 14. Ne2 h5 15. Be3 d4 16. Bd2 g5 17. Bc4 Ne7 18. Bxg5 Rg8 19. Qxh5 Qd7 20. Nf4 Rxg5 21. Qxg5 O-O-O 22. Bxa6 Kb8 23. Bb5 Rg8 24. Qh5 d3 25. cxd3 Qd4 26. Bxc6 Nxc6 27. Qh7 Rg4 28. Qe4 Nxe5 29. Qxd4 Bxd4 30. g3 Bxb2 31. Ra2 Ba3 32. Rfa1  1-0

[Event "Cannes Open A"]
[Site "Cannes France"]
[EventDate "2007.02.18"]
[Date "2007.02.22"]
[Round "6"]
[White "BOSIOCIC, Marin"]
[WhiteTitle "IM"]
[WhiteElo "2474"]
[Black "FOISOR, Ovidiu Doru"]
[BlackTitle "IM"]
[BlackElo "2418"]
[Result "1/2-1/2"]
[Source "MonRoi"]

1. d4 Nf6 2. Bg5 c6 3. Bxf6 exf6 4. e3 d5 5. c4 dxc4 6. Bxc4 Bd6 7. Nc3 O-O 8. Nf3 Nd7 9. O-O f5 10. a3 Qe7 11. Re1 Nf6 12. g3 Bd7 13. Bf1 Rad8 14. Bg2 Rfe8 15. Nd2 Be6 16. b4 a6 17. Na4 Bd5 18. Bxd5 Nxd5 19. Nc4 Bc7 20. Nc5 b5 21. Nb2 a5 22. Nbd3 Ra8 23. Qf3 g6 24. a4 Reb8 25. axb5 Rxb5 26. bxa5 Raxa5 27. Rxa5 Bxa5 28. Ra1 Bb6 29. Rc1 Bxc5 30. Nxc5 Qa7 31. Qd1 Qa3 32. Qe1 Rb2 33. Ra1 Ra2 34. Rxa2 Qxa2 35. Qc1 Nf6 36. Nd3 Qe2 37. Nf4 Qf3 38. Qc2 h5 39. Qe2 Qe4 40. h4 Qb1 41. Qf1 Qc2 42. Qe2 Qb1 43. Qf1 Qc2  1/2-1/2

[Event "Cannes Open A"]
[Site "Cannes France"]
[EventDate "2007.02.18"]
[Date "2007.02.22"]
[Round "6"]
[White "NIKCEVIC, Nebojsa"]
[WhiteTitle "GM"]
[WhiteElo "2448"]
[Black "HESS, Robert"]
[BlackTitle "FM"]
[BlackElo "2394"]
[Result "1-0"]
[Source "MonRoi"]

1. Nf3 Nf6 2. c4 e6 3. g3 d5 4. Bg2 dxc4 5. Qa4 c6 6. Qxc4 b5 7. Qb3 Bb7 8. O-O Nbd7 9. d4 Qb6 10. Nc3 b4 11. Na4 Qb5 12. Bg5 Ne4 13. Bf4 c5 14. Nc3 Qb6 15. Nxe4 Bxe4 16. Rfd1 Qb7 17. Rac1 Bd5 18. Qa4 Bc6 19. Ne5 Nxe5 20. Bxe5 Bxa4 21. Bxb7 Bxd1 22. Bxa8 Bxe2 23. dxc5 f6 24. Bd4 Kd7 25. Rc2 Ba6 26. Be4 Kc7 27. c6 Be7 28. Bxa7 Rd8 29. Bxh7 Bb5 30. Bc5 Rd1 31. Kg2 Bxc6 32. Kh3 Bxc5 33. Rxc5 Kb6 34. Rc2 Bd5 35. b3 f5 36. Kh4 Be4 37. Rb2 Rd8 38. Kg5 Rh8 39. f3 Bxf3 40. Kg6 Rd8 41. Kxg7 Rd7 42. Kh6 Re7 43. Rf2 Bg4 44. h4 Kc5 45. Bg6 Kd4 46. Kg5 Ke3 47. Rf4 e5 48. Rxb4 e4 49. Kf6 Ra7 50. Bxf5 Bxf5 51. Kxf5 Ra5 52. Kg4 Rxa2 53. h5 Rh2 54. Rb8 Kf2 55. Rf8 Kg2 56. Re8 Rh3 57. Rxe4 Rxg3 58. Kf5 Rxb3 59. h6 Rb7 60. Re6  1-0

[Event "Cannes Open A"]
[Site "Cannes France"]
[EventDate "2007.02.18"]
[Date "2007.02.22"]
[Round "6"]
[White "HOMMELES, Theo"]
[WhiteTitle "FM"]
[WhiteElo "2375"]
[Black "WOHL, Aleksandar"]
[BlackTitle "-"]
[BlackElo "2425"]
[Result "0-1"]
[Source "MonRoi"]

1. e4 Nf6 2. e5 Nd5 3. d4 d6 4. Nf3 g6 5. Bc4 c6 6. O-O Bg7 7. exd6 Qxd6 8. Nbd2 O-O 9. Re1 Nd7 10. Bb3 b5 11. Ne4 Qc7 12. Bxd5 cxd5 13. Nc3 e6 14. Nxb5 Qb6 15. Na3 Bb7 16. c3 f6 17. Rb1 e5 18. h4 e4 19. Nh2 Ba6 20. Qb3 Qc6 21. Bf4 Bd3 22. Nc2 a5 23. Rbc1 Rfd8 24. Ne3 Nf8 25. c4 dxc4 26. Nxc4 Qd5 27. Bc7 Bxc4 28. Rxc4 Rd7 29. Ng4 a4 30. Qc2 Ne6 31. Ne3 Qb7 32. Bg3 Nxd4 33. Qc1 f5 34. Kh1 h5 35. Rd1 Ne2 36. Rxd7 Qxd7 37. Qc2 Nxg3 38. fxg3 Qd3 39. Qc1 a3 40. b3 Rd8 41. Rc7 Qd4 42. Qc6 Qf6 43. Qc4 Kh7 44. Nd5 Qe5 45. Ne3 Qxg3 46. Qf7 Qxh4 47. Kg1 Qe1 48. Kh2 Qa1 49. Re7 Rd6 50. Nd5 Kh6 51. Qg8 Qd4 52. Nc7 Be5 53. g3 Qf2  0-1

[Event "Cannes Open A"]
[Site "Cannes France"]
[EventDate "2007.02.18"]
[Date "2007.02.22"]
[Round "6"]
[White "FOISOR, Sabina Francesca"]
[WhiteTitle "WIM"]
[WhiteElo "2342"]
[Black "MOGRANZINI, Roberto"]
[BlackTitle "FM"]
[BlackElo "2401"]
[Result "1/2-1/2"]
[Source "MonRoi"]

1. d4 Nf6 2. c4 g6 3. Nc3 d5 4. Nf3 Bg7 5. e3 O-O 6. b4 b6 7. Ba3 c5 8. bxc5 bxc5 9. Rc1 cxd4 10. Nxd4 dxc4 11. Bxc4 Bb7 12. O-O Nbd7 13. Be2 Re8 14. Ncb5 Rc8 15. Qa4 a6 16. Rxc8 Qxc8 17. Na7 Qa8 18. Ndc6 Nb8 19. Bf3 Nxc6 20. Nxc6 e5 21. Rc1 h5 22. Be7 Rc8 23. Ba3 Re8 24. Be7 Rc8 25. Ba3  1/2-1/2